Insect, disease and weed control
Uloženo v:
| Hlavní autoři: | , , |
|---|---|
| Médium: | Kniha |
| Jazyk: | angličtina |
| Vydáno: |
Nueva York
Chemical Publishing
1972
|
| Témata: | |
| Tagy: |
Přidat tag
Žádné tagy, Buďte první, kdo vytvoří štítek k tomuto záznamu!
|
MARC
| LEADER | 00000nam a2200000 a 4500 | ||
|---|---|---|---|
| 001 | UCR0077 | ||
| 003 | CL-VaPUC | ||
| 008 | 971129e19720000US |||||||||||||||||eng|d | ||
| 082 | 0 | 4 | |a 632.9 |b ONG |2 21 |
| 100 | |a Ong, E. R de |q (Elmer Ralph) |e author |9 395490 | ||
| 700 | 0 | |a Bishop, D |e author |9 395491 | |
| 700 | 0 | |a Bishop, J. L |e author |9 395492 | |
| 245 | 1 | 0 | |a Insect, disease and weed control |
| 300 | |a 370 p | ||
| 942 | |c BK | ||
| 945 | |d 19971129 00:00:00 |a rleighto | ||
| 260 | |a Nueva York |b Chemical Publishing |c 1972 | ||
| 650 | 0 | |a Enfermedades de las plantas |9 259687 | |
| 650 | 7 | |a CONTROL SANITARIO |2 CL-VaPUC |9 394606 | |
| 650 | 0 | |a Fitopatología |9 340456 | |
| 650 | 0 | |a Insectos |9 264174 | |
| 650 | 0 | |a Control biológico |9 338554 | |
| 650 | 0 | |a Árboles frutales |9 264297 | |
| 650 | 7 | |a FRUTOS |2 CL-VaPUC |9 395493 | |
| 583 | |a last modification |c 19971129 00:00:00 |k Rodrigo Vera | ||
| 999 | |c 263732 |d 263730 | ||